The Wisdom of Confucians / (Record no. 591503)
[ view plain ]
| 000 -LEADER | |
|---|---|
| fixed length control field | 00292nam a22001097a 4500 |
| 020 ## - INTERNATIONAL STANDARD BOOK NUMBER | |
| International Standard Book Number | 1851682597 |
| 082 ## - DEWEY DECIMAL CLASSIFICATION NUMBER | |
| Classification number | 299 |
| Author Mark | WIS |
| 245 ## - TITLE STATEMENT | |
| Title | The Wisdom of Confucians / |
| Statement of responsibility, etc. | Compiled by Zhou Xun and T.H. Barrett |
| 260 ## - PUBLICATION, DISTRIBUTION, ETC. | |
| Place of publication, distribution, etc. | Oxford : |
| Name of publisher, distributor, etc. | Oneworld, |
| Date of publication, distribution, etc. | 2001. |
| 300 ## - PHYSICAL DESCRIPTION | |
| Extent | 191 p. ; |
| Dimensions | 15 cm.. |
| 942 ## - ADDED ENTRY ELEMENTS (KOHA) | |
| Source of classification or shelving scheme | |
| Koha item type | Book |
| Withdrawn status | Lost status | Source of classification or shelving scheme | Damaged status | Not for loan | Permanent Location | Current Location | Shelving location | Date acquired | Source of acquisition | Total Checkouts | Full call number | Barcode | Date last seen | Price effective from | Koha item type |
|---|---|---|---|---|---|---|---|---|---|---|---|---|---|---|---|
| Central Library (CL) | Central Library (CL) | Chinese Studies | 10/05/2022 | Donated by China Embassy | 299 WIS | CL-D-1979 | 10/05/2022 | 10/05/2022 | Book |
